Missing Word: I Believe I Can Fly Quiz Stats

 Plays Quiz Updated Nov 6, 2012

Support Sporcle.
Go Orange.
Score 0/18 Timer 04:00
0 Plays Today
Slogan Missing Word % Correct
Just ___ it. do
99.6%
Is it __ you? in
70%
Sound mind. Sound ____. body
65.6%
Sport is what you ___ it. make
64.2%
I am ___ I am. what
61.6%
Be your own _____. champion
53%
Hydrate or ____. die
47.3%
Impossible is ____. nothing
39.8%
Protect this ____. house
32.4%
Slogan Missing Word % Correct
____ to push. power
32.3%
Your ____ is our obsession. passion
18.9%
More ____. win
18.6%
Never stop _____. exploring
12.1%
Equip your next _____. adventure
10%
The mark of the ____. pro
6.3%
Become _____. legendary
5.2%
Play with it. Or ____ it. against
3.5%
Find your ____. strong
3%

Today's Daily Dose

Word Ladder
ING Words

Get the Picture
Nearest Volcano

From the Vault

I Spy With My Little... Slideshow?

by MrChewypoo

This is not your typical I Spy.
Remove Ads.
Support Sporcle.
Get the best of Sporcle when you Go Orange. This ad-free experience offers more features, more stats, and more fun while also helping to support Sporcle. Thank you for becoming a member.

Show Comments

Extras

Top Quizzes Today


Score Distribution

Your Account Isn't Verified!

In order to create a playlist on Sporcle, you need to verify the email address you used during registration. Go to your Sporcle Settings to finish the process.

Report this User

Report this user for behavior that violates our Community Guidelines.

Details: